Counseling children / (Record no. 330910)

000 -LEADER
fixed length control field 01521cam a22003615a 4500
001 - CONTROL NUMBER
control field 16068690
003 - CONTROL NUMBER IDENTIFIER
control field NUST
005 - DATE AND TIME OF LATEST TRANSACTION
control field 20180117090028.0
008 - FIXED-LENGTH DATA ELEMENTS--GENERAL INFORMATION
fixed length control field 100126s2011 at a b 001 0 eng
010 ## - LIBRARY OF CONGRESS CONTROL NUMBER
LC control number 2010921404
020 ## - INTERNATIONAL STANDARD BOOK NUMBER
International Standard Book Number 9780495903383
020 ## - INTERNATIONAL STANDARD BOOK NUMBER
International Standard Book Number 0495903388
040 ## - CATALOGING SOURCE
Original cataloging agency DLC
Transcribing agency DLC
Modifying agency DLC
050 00 - LIBRARY OF CONGRESS CALL NUMBER
Classification number RJ504
Item number .T49 2011
082 ## - DEWEY DECIMAL CLASSIFICATION NUMBER
Classification number 618.928914 HEN
100 1# - MAIN ENTRY--PERSONAL NAME
Personal name Thompson, Charles L.
9 (RLIN) 4088
245 10 - TITLE STATEMENT
Title Counseling children /
Statement of responsibility, etc. Charles L. Thompson, Donna A. Henderson.
250 ## - EDITION STATEMENT
Edition statement 8th ed.
260 ## - PUBLICATION, DISTRIBUTION, ETC.
Place of publication, distribution, etc. Australia ;
-- United States :
Name of publisher, distributor, etc. Brooks/Cole Cengage Learnaing,
Date of publication, distribution, etc. c2011.
300 ## - PHYSICAL DESCRIPTION
Extent xxvi, 738 p. :
Other physical details ill. ;
Dimensions 25 cm.
504 ## - BIBLIOGRAPHY, ETC. NOTE
Bibliography, etc. note Includes bibliographical references and indexes.
650 #0 - SUBJECT ADDED ENTRY--TOPICAL TERM
Topical term or geographic name entry element Child psychotherapy.
9 (RLIN) 4089
650 #0 - SUBJECT ADDED ENTRY--TOPICAL TERM
Topical term or geographic name entry element Children
General subdivision Counseling of.
9 (RLIN) 4090
700 1# - ADDED ENTRY--PERSONAL NAME
Personal name Henderson, Donna A.
9 (RLIN) 4091
856 42 - ELECTRONIC LOCATION AND ACCESS
Materials specified Publisher description
Uniform Resource Identifier <a href="http://www.loc.gov/catdir/enhancements/fy1212/2010921404-d.html">http://www.loc.gov/catdir/enhancements/fy1212/2010921404-d.html</a>
856 41 - ELECTRONIC LOCATION AND ACCESS
Materials specified Table of contents only
Uniform Resource Identifier <a href="http://www.loc.gov/catdir/enhancements/fy1212/2010921404-t.html">http://www.loc.gov/catdir/enhancements/fy1212/2010921404-t.html</a>
856 42 - ELECTRONIC LOCATION AND ACCESS
Materials specified Contributor biographical information
Uniform Resource Identifier <a href="http://www.loc.gov/catdir/enhancements/fy1303/2010921404-b.html">http://www.loc.gov/catdir/enhancements/fy1303/2010921404-b.html</a>
906 ## - LOCAL DATA ELEMENT F, LDF (RLIN)
a 7
b cbc
c origcop
d 3
e epcn
f 20
g y-gencatlg
942 ## - ADDED ENTRY ELEMENTS (KOHA)
Source of classification or shelving scheme
Koha item type Book
Holdings
Withdrawn status Lost status Source of classification or shelving scheme Damaged status Not for loan Collection code Permanent Location Current Location Shelving location Date acquired Total Checkouts Full call number Barcode Date last seen Price effective from Koha item type
            Central Library (CL) Central Library (CL) General Stacks 08/23/2017   618.928914 HEN S3H-C-16 08/23/2017 08/23/2017 Book
© 2023 Central Library, National University of Sciences and Technology. All Rights Reserved.